Normal view
MARC view
- Identity (Psychology)
Entry Topical Term
001 - CONTROL NUMBER
- control field: 7491
003 - CONTROL NUMBER IDENTIFIER
- control field: NUST
005 - DATE AND TIME OF LATEST TRANSACTION
- control field: 20171220103850.0
008 - FIXED-LENGTH DATA ELEMENTS
- fixed length control field: 171220|| aca||aabn | a|a d
040 ## - CATALOGING SOURCE
- Original cataloging agency: NUST
- Transcribing agency: NUST
150 ## - HEADING--TOPICAL TERM
- Topical term or geographic name entry element: Identity (Psychology)
670 ## - SOURCE DATA FOUND
- Source citation: Work cat.: (NUST)0: Goffman, Erving. 7489, Stigma :, 1974
